| 000 | 00617nam a2200241Ia 4500 | ||
|---|---|---|---|
| 003 | OSt | ||
| 005 | 20220912151544.0 | ||
| 006 | a|||||r|||| 00| 0 | ||
| 007 | ta | ||
| 008 | 220909b |||||||| |||| 00| 0 eng d | ||
| 024 | _a54989 | ||
| 037 | _cReference Collections | ||
| 040 |
_aCSL _beng _cCSL |
||
| 041 | _aeng | ||
| 082 | _aI65, M6 RR | ||
| 100 | _aVan Gelderen D M | ||
| 245 | 0 | _aConifers | |
| 260 |
_aLondon _bBatsford _c1986 |
||
| 300 |
_a375p. _ccm. |
||
| 650 | _aConiferae | ||
| 942 |
_hI65, M6 RR _cREF _2CC |
||
| 999 |
_c71212 _d71212 |
||